europäische Städte - Sudden Death - Statistiken

Allgemein
  • Dieses Quiz wurde 302 mal gespielt
  • Das Durchschnittsergebnis liegt bei 8 aus 10
Answers on the Grid
Answers color-coded by a green-red scale on the quiz's grid according to % correct below.
Berlin
Istanbul
Sarajevo
London
Rejkjavik
St. Petersburg
Innsbruck
Charkiw
Riga
Oulu
Kairo
Canberra
Baku
Montreal
Auckland
Tokio
Havanna
Sao Paulo
Guadalaraja
Johannesburg
 
Antwortstatistiken
Antwort % Korrekt
London
93%
Berlin
92%
Sarajevo
91%
Innsbruck
89%
Rejkjavik
89%
Riga
88%
St. Petersburg
85%
Istanbul
78%
Charkiw
73%
Oulu
39%
Keine übereinstimmenden Quizze gefunden
Verteilung der Resultate
Anzahl Personen mit jedem Resultat
Perzentil nach korrekt beantworteten Fragen
Ihre Resultats-Entwicklung
Sie haben dieses Quiz noch nicht gespielt